Holiday Quiz

Random Holiday or Song Quiz

Adam Sandler's Chanukah Quiz Stats

 Plays Quiz Updated Sep 13, 2019

Score 0/89 Timer 10:00
2 Plays Today
Name % Correct
O.J. Simpson
63%
O.J. Simpson
63%
David Lee Roth
53.1%
Tom Cruise
50.4%
Captain Kirk
46.9%
Goldie Hawn
46.7%
Arthur Fonzarelli
46.5%
Harrison Ford
44.8%
The Three Stooges
44.3%
Mr. Spock
42.4%
Rod Carew
41.5%
Me
40.1%
Bowzer from Sha na na
39.1%
Dinah Shore
36.9%
Kirk Douglas
34%
Dear Abby
31.9%
Paul Newman
31.7%
Tom Cruise's Agent
31.3%
Ebenezer Scrooge
30.1%
Ann Landers
27.8%
James Caan
26%
Jesus
21%
owner of the Seattle SuperSonics
19.5%
Princess Leia
19.4%
Lenny Kravitz
17.9%
Winona Ryder
15.8%
Bruce Springsteen
15.7%
Courtney Love
15.4%
Lenny's pal Squiggy
15.3%
Ross
14.9%
Name % Correct
The Beastie Boys
14.6%
Stan Lee
13.8%
Happy Gilmore
13.8%
Geddy Lee
13.6%
Calvin Klein
13.4%
voice for Scooby Doo
13.4%
Ralph Lauren
12.9%
Robbie Schneider
12.7%
Ben Stiller
12.7%
Osama bin Laden
12.3%
Phoebe
11.9%
Bill Goldberg
11.8%
Adam Levine
11.5%
Dustin Hoffman
11.5%
Ice Cream's Ben & Jerry
11.4%
Seth Rogen
11.4%
Tiger Woods
11.3%
Drake
10.8%
Olaf
10.8%
Tom Arnold
10.8%
Jack Black
10.8%
Bob Dylan
10.7%
Debra Messing
10.5%
Dr. Drew
9.8%
Joseph Gordon-Levitt
9.8%
Scarlett Johansson
9.8%
Harry Potter
9.7%
Punky Brewster
9.6%
Jared from Subway
9.6%
Jerry Lewis
9.4%
Name % Correct
Jonas Salk
9.5%
David Beckham
9.3%
Queen Elsa
9.1%
Jake Gyllenhaal
9.1%
Veruca Salt
8.9%
Ron Jeremy
8.9%
Sarah Hughes
8.8%
The two guys who founded Google
8.8%
Mary Tyler Moore's Husband
8.7%
Scott Rudin
8.7%
Yasmine Bleeth
8.3%
Natalie Portman
8.3%
Harvey Keitel
8.2%
Shia LaBeouf
7.9%
Melissa Gilbert
7.5%
Jennifer Beals
7.2%
Paula Abdul
7.2%
Harry Houdini
7%
David Blaine
7%
Michael Landon
6.9%
Gwyneth Paltrow
6.6%
Marlon Brando
6.5%
Joey Ramone
6.4%
Willie Nelson's harmonica player
6.1%
Jennifer Connelly
5.9%
Beck
5.7%
Perry Farrell
5.2%
Sean Penn
5.2%
Lou Reed
5.2%

You're not logged in!

Compare scores with friends on all Sporcle quizzes.
OR
Log In

Sporcle TV

Today on Sporcle TV


Watch our educational content, quiz creation guides, and fun videos on Sporcle TV.

Show Comments

Extras

Top Quizzes Today


Score Distribution

Your Account Isn't Verified!

In order to create a playlist on Sporcle, you need to verify the email address you used during registration. Go to your Sporcle Settings to finish the process.

Report this User

Report this user for behavior that violates our Community Guidelines.

Details: